000
00264nam a2200121 a 4500
001
4144
005
20140414131852.0
008
090317s19uu xx 00 eng d
050
_a
M 621.8
_b
C67 2000
100
_a
Cole, Sally
245
_a
Cranes.
999
_c
110227
_d
110227